Gestión de la comunicación empresarial (Registro nro. 6516)

Detalles MARC
000 -Cabecera
Campo de control de longitud fija 00920aam a2200313 4500
005 - Fecha y hora de la última transacción
Campo de control 20251010152431.0
008 - Elementos de longitud fija--Información general
Campo de control de longitud fija 150727b2000 xxu||||| |||| 00| 0 spa d
041 ## - Idioma
Código de idioma Español
082 ## - Clasificación Decimal Dewey
Número de clasificación 658.45 L129g
100 ## - Entrada principal--Autor personal
Nombre personal Lacasa y Blay, Antonio S.
9 (RLIN) 38390
245 ## - Título propiamente dicho
Título Gestión de la comunicación empresarial
260 ## - Pie de imprenta
Lugar de publicación, distribución, etc. España
260 ## - Pie de imprenta
Nombre del editor, distribuidor, etc. Gestión 2000
260 ## - Pie de imprenta
Fecha de publicación, distribución, etc. 2004
300 ## - Descripción física
Extensión 255 páginas
490 ## - Serie
Título de la Serie Dirección y Administración de Empresas
650 ## - Materia general
Temática (materia general) COMUNICACIÓN CÓMO TÉCNICA GERENCIAL
650 ## - Materia general
Temática (materia general) COMUNICACIÓN EMPRESARIAL
650 ## - Materia general
Temática (materia general) PYMES
650 ## - Materia general
Temática (materia general) ACCIONES COMUNICACIONALES EN LA EMPPRESA
650 ## - Materia general
Temática (materia general) RELACIONES PÚBLICAS
650 ## - Materia general
Temática (materia general) TIPOS DE COMUNICACIÓN
650 ## - Materia general
Temática (materia general) ACCIONES DE COMUNICACIÓN
650 ## - Materia general
Temática (materia general) COMUNICACIONES ESPECIALES
650 ## - Materia general
Temática (materia general) PUBLICIDAD
650 ## - Materia general
Temática (materia general) MEDIOS DE COMUNICACIÓN
650 ## - Materia general
Temática (materia general) COMUNICACIÓN INTEGRAL
942 ## - Punto de acceso adicional KOHA
Tipo de ítem KOHA Libro
Fuente del sistema de clasificación o colocación Dewey Decimal Classification
Existencias
Signatura completa Código de barras Programa Académico Tipo de ítem
658.45 L129g 11741 Dirección y Administración de Empresas Libro